| 000 | 00767nam a2200289Ia 4500 | ||
|---|---|---|---|
| 005 | 20260324123532.0 | ||
| 008 | 008 260324s9999 xx 000 0 eng d | ||
| 020 | _a9781315128825 | ||
| 037 | _aEBOOK | ||
| 040 | _aCRL | ||
| 040 | _beng | ||
| 040 | _cCRL | ||
| 041 | _2eng | ||
| 041 | _aeng | ||
| 084 | _qCRL | ||
| 100 |
_aDavid Grossman _91170677 |
||
| 245 | 0 | _aRural Arab Demography and Early Jewish Settlement in Palestine | |
| 245 | 0 | _bDistribution and Population Density During the Late Ottoman and Early Mandate Periods | |
| 260 | _bTaylor and Francis | ||
| 260 | _c2011 | ||
| 365 | _a | ||
| 365 | _b230 | ||
| 856 | _uhttp://www.taylorfrancis.com/books/9781315128825 | ||
| 942 | _cEBOOK | ||
| 999 |
_c1764293 _d1764293 |
||